Sports Quiz

Random Sports or NHL Quiz

Oldest NHL Teams Quiz Stats

 Plays Quiz not verified by Sporcle

Also try: Sports Logos III
Challenge
Share
Tweet
Embed
Score 0/30 Timer 06:00
0 Plays Today
Founding Year Team % Correct
1917Montreal Canadiens
97.3%
1924Boston Bruins
76.2%
1926Chicago Blackhawks
76.2%
1917Toronto Maple Leafs
75.1%
1926New York Rangers
72.4%
1967Pittsburgh Penguins
67%
1979Edmonton Oilers
66.5%
1926Detroit Red Wings
65.9%
1967Los Angeles Kings
65.9%
1967Philadelphia Flyers
61.6%
1993Dallas Stars
60.5%
1996Phoenix Coyotes
60%
1993Anaheim Ducks
57.3%
1972New York Islanders
55.7%
1997Carolina Hurricanes
55.7%
Founding Year Team % Correct
1992Tampa Bay Lightning
55.1%
1974Washington Capitals
54.1%
1991San Jose Sharks
53.5%
1970Vancouver Canucks
52.4%
1993Florida Panthers
50.3%
1992Ottawa Senators
48.6%
1967St. Louis Blues
46.5%
1998Nashville Predators
45.4%
1999Atlanta Thrashers
44.9%
1970Buffalo Sabres
43.8%
1982New Jersey Devils
41.6%
2000Columbus Blue Jackets
41.1%
1995Colorado Avalanche
40%
1980Calgary Flames
36.8%
2000Minnesota Wild
36.8%

You're not logged in!

Compare scores with friends on all Sporcle quizzes.
OR
Log In

You Might Also Like...

Show Comments

Extras

Created May 2, 2010ReportNominate
Tags:NHL Quiz, founding, franchise, old, team

Top Quizzes Today


Score Distribution

Your Account Isn't Verified!

In order to create a playlist on Sporcle, you need to verify the email address you used during registration. Go to your Sporcle Settings to finish the process.

Report this User

Report this user for behavior that violates our Community Guidelines.

Details: